MARC

LEADER 00000nam0a2200000 4500
001 361246
005 20231102011353.0
035 |a (RuTPU)RU\TPU\retro\18572 
090 |a 361246 
100 |a 20210601d1973 m y0rusy50 ca 
101 0 |a rus 
102 |a RU 
105 |a a j 001zy 
200 1 |a Сборник задач по элементарной алгебре  |f С. Е. Ляпин, И. В. Баранова, З. Г. Борчугова 
205 |a 2-е изд., перераб. и доп. 
210 |a Москва  |c Просвещение  |d 1973 
215 |a 351 с.  |c ил. 
320 |a Ответы и указания: с. 252-351 
606 1 |a Алгебра элементарная  |2 stltpush  |3 (RuTPU)RU\TPU\subj\21077  |9 46121 
610 1 |a целые числа 
610 1 |a рациональные числа 
610 1 |a иррациональные числа 
610 1 |a комплексные числа 
610 1 |a тождественные преобразования 
610 1 |a функции 
610 1 |a рациональные алгебраические уравнения 
610 1 |a иррациональные уравнения 
610 1 |a системы уравнений 
610 1 |a логарифмы 
610 1 |a неравенства 
610 1 |a прогрессии 
610 1 |a ряды 
610 1 |a комбинаторика 
610 1 |a бином Ньютона 
610 1 |a задачи 
610 1 |a типовые решения 
610 1 |a учебные пособия 
675 |a 512.1(076)  |v 4 
700 1 |a Ляпин  |b С. Е.  |g Сергей Евгеньевич 
701 1 |a Баранова  |b И. В.  |g Ирина Владимировна 
701 1 |a Борчугова  |b З. Г.  |g Зоя Григорьевна 
801 1 |a RU  |b 63413507  |c 20210601 
801 2 |a RU  |b 63413507  |c 20210915  |g RCR 
942 |c BK